| 000 | 00791cam a22002535a 4500 | ||
|---|---|---|---|
| 001 | 18572528 | ||
| 005 | 20160302121133.0 | ||
| 008 | 150413t2016 mdu frb 001 0 eng d | ||
| 020 | _a9781442249097 (cloth : alk. paper) | ||
| 020 | _a9781442249103 (pbk. : alk. paper) | ||
| 040 |
_aDLC _beng _cDLC _dEG-ScBUE |
||
| 082 | 0 | 4 |
_a341.48 _222 _bGIB |
| 100 | 1 |
_aGibney, Mark. _939465 |
|
| 245 | 1 | 0 |
_aInternational human rights law : _breturning to universal principles / _cMark Gibney. |
| 250 | _a2nd ed. | ||
| 260 |
_aLanham : _bRowman & Littlefield, _cc.2016. |
||
| 300 |
_axi, 161 p. ; _c24 cm. |
||
| 500 | _aIndex : p. 157-159. | ||
| 504 | _aIncludes bibliographical references. | ||
| 650 | 0 |
_aHuman rights. _2BUEsh |
|
| 651 | _2BUEsh | ||
| 653 |
_bLLAAWW _cFebruary2016 |
||
| 942 | _2ddc | ||
| 999 |
_c21280 _d21252 |
||